Ficha limpa : (Record no. 1148)

MARC details
000 -LÍDER
Campo Fixo de Controle 00875nam a2200253 a 4500
001 - NÚMERO DE CONTROLE
Campo de Controle 1148
003 - IDENTIFICAÇÃO DO NÚMERO DE CONTROLE
Campo de Controle BR-CuiBMT
005 - DATA E HORA DA ÚLTIMA ATUALIZAÇÃO
Campo de Controle 20231129220657.0
008 - DADOS FIXOS
Dados Fixos 231107s2010 dfba 000 0 por d
020 ## - INTERNATIONAL STANDARD BOOK NUMBER
Nº do ISBN 9788579660030
040 ## - AGÊNCIA CATALOGADORA
Código da Agência Catalogadora BR-CuiBMT
Agência que transcreveu o registro BR-CuiBMT
080 ## - Nº DA CLASSIFICAÇÃO DECIMAL UNIVERSAL
Nº edição CDU 2007
Nº Class. CDU 342.8
090 ## - NÚMERO DE CHAMADA
Nº classificação 342.8
Cutter C376f
100 1# - ENTRADA PRINCIPAL -- AUTOR PESSOAL
Nome pessoal Cavalcante Junior, Ophir
245 10 - TÍTULO PRINCIPAL
Título principal Ficha limpa :
Subtítulo a vitória da sociedade : comentários à Lei Complementar 135/2010 /
Indicação de responsabilidade Ophir Cavalcante Junior, Marcus Vinicius Furtado Coêlho ; prefácio Senador Demóstenes Torres.
260 ## - PUBLICAÇÃO, DISTRIBUIÇÃO, ETC.
Local de publicação Brasília :
Editora OAB,
Data 2010.
300 ## - DESCRIÇÃO FÍSICA
N. páginas ou volumes 135 p. :
Ilustrações il. ;
Dimensões 21 cm
504 ## - NOTA DE BIBLIOGRAFIA, ETC.
Nota de bibliografia Inclui bibliografia.
590 ## - NOTA LOCAL
Nota local A Biblioteca possui a 2. reimpr. de 2010.
650 ## - ASSUNTO TÓPICO
Cabeçalho tópico ou nome geográfico Direito eleitoral
Subdivisão geográfica Brasil
650 ## - ASSUNTO TÓPICO
Cabeçalho tópico ou nome geográfico Procedimento eleitoral
Subdivisão geográfica Brasil
700 1# - ENTRADA SECUNDÁRIA -- NOME PESSOAL
Nome pessoal Coêlho, Marcus Vivicius Furtado
942 ## - ELEMENTOS DE ENTRADA ADICIONAIS (KOHA)
Fonte de classificação ou esquema de arquivamento Classificação Decimal Universal
Tipo de item do Koha Livros
Holdings
Estado: removido Estado: perdido Fonte de classificação ou esquema de arquivamento Estado: danificado Indisponível para empréstimo Localização permanente Localização atual Data de aquisição Total Checkouts Número de Chamada completo Código de barras Date last seen Número do exemplar Preço efetivo a partir de Tipo de item (Koha) Nota pública
    Classificação Decimal Universal     Biblioteca da Escola Superior de Contas do TCE/MT Biblioteca da Escola Superior de Contas do TCE/MT 29/11/2023   342.8 C376f BIBTCEMT23111336 29/11/2023 Ex. 1 29/11/2023 Livros 2. reimpr. 2010
    Classificação Decimal Universal     Biblioteca da Escola Superior de Contas do TCE/MT Biblioteca da Escola Superior de Contas do TCE/MT 29/11/2023   342.8 C376f BIBTCEMT23111337 29/11/2023 Ex. 2 29/11/2023 Livros 2. reimpr. 2010

Powered by Koha